Myseľ, telo, stroj

Saved in:
Bibliographic Details
Main Author: Dawkins, R.
Format: Book
Language:Slovak
Published: Bratislava Bradlo 1992
Edition:1. vyd.
Series:Súčasná filozofia a dnešok
Subjects:
Tags: Add Tag
No Tags, Be the first to tag this record!

MARC

LEADER 00000nam a2200000 4500
001 c002338
005 20230228081357.4
020 |a 80-7127-032-6 
041 0 |a slo 
044 |a SK 
245 1 0 |a Myseľ, telo, stroj  |c R. Dawkins 
250 |a 1. vyd. 
264 1 |a Bratislava  |b Bradlo  |c 1992 
300 |a 218 s. 
490 1 |a Súčasná filozofia a dnešok 
830 0 |a Súčasná filozofia a dnešok 
610 2 0 |a filozofia 
610 2 0 |a matematika 
610 2 0 |a biológia 
100 1 |a Dawkins, R.